000 00857nam a2200289 i 4500
001 000012654
003 DO-SdBNP
005 20251031111100.0
007 ta
008 091116s1998 dr a 000 p spa d
040 _aDO-SdBNP
_bspa
_cBNPHU
_erda
041 _aspa
082 4 _aRD861.44
_bM632a
_222
100 1 _aMieses, Juan Carlos,
_d1947-
_eautor
_4aut.
_925472
245 1 0 _aAquí el edén /
_cJuan Carlos Mieses.
250 _aPrimera edición
264 4 _aSanto Domingo :
_bVMANa, S. A.,
_c©1998.
300 _a60 páginas ;
_c20 cm.
336 _atexto
_btxt
_2rdacontent
337 _asin mediación
_bn
_2rdamedia
338 _avolumen
_bnc
_2rdacarrier
590 _aInventariado, 2020/MFF
650 4 _aPoesía dominicana
_966
650 4 _aLiteratura dominicana.
_967
910 _aValidado. Control de calidad MFF
942 _2ddc
_cLBS1
999 _c12306
_d12306